00635 2200253 4500001002100000005001700021008004100038020001800079035002400097082001600121090002300137100001400160245004900174250001100223260003200234300002300266650002000289700001500309850001300324980001300337985000600350986001000356999001500366YOGYA-0209000002053920090227023434.0 ind  a979-518-320-6 0010-020900000020539 a641.5095981 a641.5095981bSus A aSUSMAYATI aAneka masakan sumatracSusmayati, H. Asnidar aCet. 1 aJakartabRineka Ciptac1994 aix, 105 hlmc21 cm aMasakan sumatra aAsnidar, H aYOPDYOGB a5-7-2006 a1 aPKN-D a00P0000460